| 000 | 01221nam a22002297a 4500 | ||
|---|---|---|---|
| 999 |
_c32835 _d32835 |
||
| 003 | OSt | ||
| 005 | 20240411062540.0 | ||
| 008 | 140214b slv spa | ||
| 040 | _cBMC | ||
| 082 | _a001.42 | ||
| 100 | 1 |
_940378 _aBeltrán Rodríguez, Gabriela Melissa |
|
| 245 | 1 | 0 |
_aLos factores y efectos académicos de la pandemia Covid-19 en los estudiantes de la Facultad de Ciencias y Humanidades de la Universidad Católica de El Salvador _b: Investigación, informe final _cGabriela Melissa Beltrán Rodríguez, Claudia Yessenia Estévez de Escobar, Andrea Alejandra Orellana Portillo |
| 260 |
_aSanta Ana (El Salvador) _bUniversidad Católica de El Salvador _c2021 |
||
| 300 |
_a50 h. _c28 cm _e+ 1 disco compacto |
||
| 500 | _aPrecede al tít.: Universidad Católica de El Salvador, Escuela de Postgrado, Maestría en Asesoría Educativa | ||
| 502 | _aTrabajo de graduación para optar al grado académico de Maestria en Asesoría Educativa | ||
| 650 | 2 | 4 |
_97924 _aInvestigación cualitativa |
| 700 | 1 |
_946075 _aEstévez de Escobar, Claudia Yessenia |
|
| 700 | 1 |
_941676 _aOrellana Portillo, Andrea Alejandra |
|
| 710 | 2 |
_aUniversidad Católica de El Salvador _bEscuela de Posgrados _919868 |
|
| 942 |
_2ddc _cTG |
||